Central Library OPAC University of Rajshahi

Reliability analysis and prediction : (Record no. 60966)

MARC details
000 -LEADER
fixed length control field 00984nam a2200265 a 4500
001 - CONTROL NUMBER
control field 60966
003 - CONTROL NUMBER IDENTIFIER
rucl marc code BD-RjUL
005 - DATE AND TIME OF LATEST TRANSACTION
control field 20211209080916.0
008 - FIXED-LENGTH DATA ELEMENTS--GENERAL INFORMATION
fixed length control field 170104s1992 ne a b 001 0 eng d
020 ## - INTERNATIONAL STANDARD BOOK NUMBER
International Standard Book Number 0444896066
035 ## - SYSTEM CONTROL NUMBER
System control number (BD-RjUL)61090
040 ## - CATALOGING SOURCE
Original cataloging agency BD-RjUL
Transcribing agency BD-RjUL
Modifying agency BD-RjUL
Language of cataloging eng
041 ## - LANGUAGE CODE
Language code of text/sound track or separate title eng
082 00 - DEWEY DECIMAL CLASSIFICATION NUMBER
Classification number 620.00452
Edition number 23
Author mark and year MIR 1992
100 1# - MAIN ENTRY--PERSONAL NAME
Personal name Misra, Krishna B.,
Dates associated with a name 1943-
9 (RLIN) 181803
245 10 - TITLE STATEMENT
Title Reliability analysis and prediction :
Remainder of title a methodology oriented treatment /
Statement of responsibility, etc. Krishna B. Misra.
260 ## - PUBLICATION, DISTRIBUTION, ETC. (IMPRINT)
Place of publication, distribution, etc. Amsterdam ;
-- New York :
Name of publisher, distributor, etc. Elsevier,
Date of publication, distribution, etc. 1992.
300 ## - PHYSICAL DESCRIPTION
Pagination xv, 889 p. :
Illustrations ill. ;
Size 25 cm.
504 ## - BIBLIOGRAPHY, ETC. NOTE
Bibliography, etc Includes bibliographical references (p. 850-854) and index.
650 #0 - SUBJECT ADDED ENTRY--TOPICAL TERM
Topical term or geographic name as entry element Reliability (Engineering)
General subdivision Statistical methods.
9 (RLIN) 181805
Topical term or geographic name as entry element Reliability (Engineering)
General subdivision Mathematical models.
9 (RLIN) 181806
830 ## - SERIES ADDED ENTRY--UNIFORM TITLE
Uniform title Fundamental studies in engineering ;
Volume number/sequential designation no. 15
942 ## - ADDED ENTRY ELEMENTS (KOHA)
Source of classification or shelving scheme Dewey Decimal Classification
Koha item type Books
Holdings
Lost status Source of classification or shelving scheme Damaged status Not for loan Collection code Permanent Location Current Location Shelving location Date acquired Source of acquisition Cost, normal purchase price Total Checkouts Full call number Date last seen Copy number Koha item type
  Dewey Decimal Classification   Not For Loan Non-fiction Central Library, University of Rajshahi Central Library, University of Rajshahi Reading Room 02/01/1994 Elseven science pub. 545.00   620.00452 MIR 1992 04/01/2017 C-1 Books